Statistics for Biggest Cities in Siberia on a Map

Click here to take the quiz!

General Stats

  • This quiz has been taken 219 times
  • The average score is 5 of 10

Answers on the Map

Answers color-coded by a green-red scale on the quiz's map according to % correct below.
Loading ...
 

Answer Stats

Pop.City% Correct
1,618,039Novosibirsk
93%
1,164,815Omsk
82%
617,473Irkutsk
74%
1,096,086Krasnoyarsk
69%
596,446Tomsk
56%
435,496Ulan-Ude
42%
788,666Tyumen
35%
696,735Barnaul
34%
558,662Kemerovo
34%
552,105Novokuznetsk
22%

Score Distribution

Percentile by Number Answered

Percent of People with Each Score

Your Score History

You have not taken this quiz